000 00635cam a2200205 4500
001 ABS61897
008 000000n2000 000 0 eng u
035 _a(Sirsi) u104316
100 _aSpring, M.
245 4 _aThe instant office
260 _c2000
490 _aBuilding
_v265(8121) 28 January 2000 37-43(5)
520 _aDescribes the growth of serviced offices in Britain and includes case studies of specific projects and companies providing serviced offices.
590 _aABS
650 _aSERVICED OFFICES
650 _aBUILT ENVIRONMENT
650 _aLAYOUT
690 _aPROPERTY-COMMERCIAL PROPERTY
942 _n0
999 _c62588
_d62588